000 00814nam a2200241 4500
001 116223
003 ES-MaACL
005 20230906190648.0
007 t|
008 061121s1986 xxk r ||||1| eng d
020 _a0-521-24231-2
100 1 _aParker, Barry.
_989168
245 1 0 _aModern country homes in England
_b: the arts and crafts architecture /
_cof Barry Parker ; edited and introduced by Dean Hawkes.
260 _aCambridge :
_bUniversity Press,
_c1986.
300 _aXI, 170 p. :
_bil ;
_c26 cm.
490 1 _aCambridge urban and architectural studies ;
_v11
500 _aIndice.
504 _aBibliografía.
700 1 _aHawkes, Dean.
_962162
830 0 _aCambridge urban and architectural studies ;
_v11
_9233303
852 _aES-MaACL
_jL-10228
_bR.112426
999 _c116223
_d116223